Normal view
MARC view
- Purépechas
Entry Materia
001 - NÚMERO DE CONTROL DEL REGISTRO
- campo de control: 10021
003 - IDENTIFICADOR DE NUMERO DE CONTROL
- campo de control: MX-MxUPN
005 - FECHA Y HORA DE LA ÚLTIMA TRANSACCIÓN
- campo de control: 20250909130215.0
008 - DATOS DE LONGITUD FIJA
- campo de control de longitud fija: 230607nn fnznnbabn a ana |d
035 ## - NÚMERO DE CONTROL DEL SISTEMA
- Número de control del sistema: UPN10000010028
040 ## - FUENTE DE LA CATALOGACIÓN
- Lengua de catalogación: spa
- Centro catalogador de origen: MX-MxUPN
150 ## - ENCABEZAMIENTO - TEMÁTICO
- Término de materia o nombre geográfico como elemento inicial: Purépechas
- Subdivisión de materia general: Vida social y costumbres
450 ## - VÉASE - MATERIA
- Subcampo de control: nno
- Encabezamiento temático: Tarascos
- Subdivisión temática general: Vida social y costumbres
670 ## - FUENTE EN LA QUE SE LOCALIZARON DATOS
- Cita de la fuente: Escamilla González, G. Lista de encabezamientos de materia, 1978 :
- Información localizada: página 794 (Tarascos -- Vida social y costumbres)
902 ## - CATALOGADOR
- Catalogador: PN/061196
- Catalogador: VíctorGodínez/070623
